ARRUPE JESUIT UNIVERSITY

CORONAVIRUS -STOP THE SPREAD - CLEAN,DISINFECT,COVER

Guide to the ruins at Kunduchi (Record no. 121746)

MARC details
000 -LEADER
fixed length control field 00605nam a22001697a 4500
008 - FIXED-LENGTH DATA ELEMENTS--GENERAL INFORMATION
fixed length control field 150116b xxu||||| |||| 00| 0 eng d
050 ## - LIBRARY OF CONGRESS CALL NUMBER
Classification number SPC DT449 K86 S27
100 ## - MAIN ENTRY--PERSONAL NAME
Personal name Sassoon, Hamo
9 (RLIN) 14168
245 ## - TITLE STATEMENT
Title Guide to the ruins at Kunduchi
Statement of responsibility, etc / by Hamo Sassoon
260 ## - PUBLICATION, DISTRIBUTION, ETC. (IMPRINT)
Place of publication, distribution, etc Dar es Salaam
Name of publisher, distributor, etc Ministry of Community Development and national Culture
Date of publication, distribution, etc 1966
300 ## - PHYSICAL DESCRIPTION
Extent 23p.
Dimensions 22cm.
650 ## - SUBJECT ADDED ENTRY--TOPICAL TERM
Topical term or geographic name as entry element Inscriptions, Arabic
Geographic subdivision Tanzania
-- Kanduchi
9 (RLIN) 14169
650 ## - SUBJECT ADDED ENTRY--TOPICAL TERM
Topical term or geographic name as entry element Tombs
Geographic subdivision Tanzania
-- Kanduchi
9 (RLIN) 14170
650 ## - SUBJECT ADDED ENTRY--TOPICAL TERM
Topical term or geographic name as entry element Kanduchi, Tanzania
General subdivision Antiquities
9 (RLIN) 14171
650 ## - SUBJECT ADDED ENTRY--TOPICAL TERM
Topical term or geographic name as entry element Tanzania
General subdivision Antiquities
9 (RLIN) 14158
942 ## - ADDED ENTRY ELEMENTS (KOHA)
Source of classification or shelving scheme Library of Congress Classification
Item type SPC
Holdings
Withdrawn status Lost status Source of classification or shelving scheme Damaged status Not for loan Home library Current library Date acquired Total Checkouts Full call number Barcode Date last seen Price effective from Koha item type
    Library of Congress Classification     ARRUPE LIBRARY ARRUPE LIBRARY 16/01/2015   SPC DT449 K86 S27 46500003297 16/01/2015 16/01/2015 SPC

 

Arrupe Library. PO Box MP320 Mt Pleasant, Harare, Zimbabwe
263 242 745411|librarian@aju.ac.zw